| 000 | 00958nam a22002417a 4500 | ||
|---|---|---|---|
| 005 | 20240530110906.0 | ||
| 008 | 220214s2006 ua g 000 0 ara d | ||
| 017 | _bمصر. دار الكتب | ||
| 040 |
_aEG-CaGPL _cEG-CaGPL |
||
| 082 | 0 | 4 |
_221 _a327\ _bهـ ت |
| 100 | 1 | _aهنتنجتون ، صامويل | |
| 245 | 1 | 2 |
_aالترجمة الصحيحة والكاملة للكتاب الشهير ب صراع الحضارات واعادة بناء النظام الدولى / _cصامويل هنتنجتون ؛ ترجمة عباس هلال كاظم |
| 250 | _aط. 1 | ||
| 260 |
_aالاردن ، _bدار الامل للنشر والتوزيع ، _c2006 |
||
| 300 |
_a512 ص. ؛ _c24 سم |
||
| 650 | 0 | 7 |
_2qrmak _aصراع الحضارات |
| 650 | 0 | 7 | _aالحضارة |
| 650 | 0 | 7 | _aالارهاب |
| 651 | _2qrmak | ||
| 700 | 0 |
_aعباس هلال كاظم _eمترجم |
|
| 942 |
_2ddc _cBK |
||
| 999 |
_c66218 _d66218 |
||